000 00336nam a2200133Ia 4500
008 150201s2009 xx 000 0 und d
082 _a617.3
_bC09P
100 _aPANDEY,SURESHWAR
245 _aCLINICAL ORTHOPAEDICA DIAGNOSIS
250 _a3RD
260 _bJAYPEE BROTHERS
_aDELHI
_c2009
650 _aORTHOPAEDICS
942 _2ddc
_cBK
_04
999 _c1035
_d1035